000 02435cam a2200313 4500500
005 20260208003355.0
041 _afre
042 _adc
100 1 0 _aAghakhani, Nader
_eauthor
245 0 0 _aTransmission de la psychanalyse et état de la question à partir de la situation iranienne
260 _c2010.
500 _a86
520 _aRésuméIl s’agit ici, à partir de rencontres lors d’un voyage en août 2009 en Iran, de donner à entendre la voix de plusieurs professionnels qui, à travers leur parcours, retracent une histoire de la psychanalyse des dernières décennies dans ce pays. Il est question de sa pratique et de son enseignement. En Iran « nous vivons une phase de transition qui crée la demande d’autres approches « (Dr R), « l’État est obligé de donner le moyen de former des personnes pour répondre à cette demande » (Dr S). Il s’agit de savoir, dans la situation actuelle de l’Iran, quel langage employer. Nous retraçons brièvement l’histoire d’une pratique et d’un enseignement de la psychanalyse qui, dans ce pays, n’en est qu’à ses débuts.
520 _aIn this article, we aim at giving a voice to several specialists, encountered during a journey in August 2009 in Iran, whose developments trace a history of the Psychoanalysis during the past decades in this country. It is about practice and teaching. It is obvious that in Iran « we live in a period of transition that creates demand for other approaches » (Dr R), that « the government is obliged to give means to train more people to answer this demand » (DR S). And yet, it is about to know which language to use in the current situation of Iran. We trace a brief history of the practice and the teaching of the Psychoanalysis that is only at its early stages in this country.
690 _agroupe de formation (ou séminaire)
690 _ahistoire de la psychanalyse
690 _alangage
690 _apsychanalyse
690 _apsychothérapie analytique
690 _auniversité
690 _aanalytical psychotherapy
690 _agroups of formation (seminary)
690 _ahistory of psychoanalysis
690 _alanguage
690 _apsychoanalysis
690 _auniversity
786 0 _nPsychologie Clinique | 29 | 1 | 2010-06-01 | p. 131-145 | 1145-1882
856 4 1 _uhttps://shs.cairn.info/revue-psychologie-clinique-2010-1-page-131?lang=fr&redirect-ssocas=7080
999 _c1647718
_d1647718